000
00342nam a2200169Ia 4500
100
_a
Bishop/Owen
650
_a
Amplifiers
942
_c
BK
366
_f
20
654
_a
amplifiers
245
_a
Understand amplifiers
260
_b
Newnes
_c
1998
082
_a
621.381535
_b
BIS
300
_a
196
546
_a
ENGLISH
_c
TTL
999
_c
21749
_d
21749